000 00487nam a22001577a 4500
008 240409b |||||||| |||| 00| 0 eng d
020 _a978-259-19108-4
050 _aHD 30.28 .C37 2014
100 _aTHOMPSON,ARTHUR A. (et.al.).
245 _aCRAFTING AND EXECUTING STRATEGY
_bTHE QUEST COMPETITIVE ADVANTAGE: CONCEPTS AND CASES
250 _a19TH.ED.
260 _aCAROLINA
_bMCGRAWHILL EDUCATION
_c2014
300 _axlviii,c-406p.
500 _aincludes index
942 _2lcc
_cBK
999 _c209798
_d209798